Normal view MARC view

Entry Personal Name

Number of records used in: 1

001 - CONTROL NUMBER

  • control field: 33699

003 - CONTROL NUMBER IDENTIFIER

  • control field: OSt

005 - DATE AND TIME OF LATEST TRANSACTION

  • control field: 20220322091617.0

008 - FIXED-LENGTH DATA ELEMENTS

  • fixed length control field: 220322|| aca||aabn | a|a d

040 ## - CATALOGING SOURCE

  • Original cataloging agency: OSt
  • Transcribing agency: OSt

100 ## - HEADING--PERSONAL NAME

  • Personal name: Prihar, S. S.
  • Dates associated with a name: (Sohan Singh), 1932-; Sandhu, Bikkar S

670 ## - SOURCE DATA FOUND

  • Source citation: Work cat.: (OSt)33327: Prihar, S. S. (Sohan Singh), 1932-; Sandhu, Bikkar S., Irrigation of field crops , 2002